000
00458nam a2200145Ia 4500
008
100122s9999 xx 000 0 und d
082
_b
742
_a
823
100
_a
आपटे ह ना
245
_a
चाणक्ष पणाचा कळस
260
_b
प्रकाशक शोधणे
_c
1924
300
_a
55
630
_a
चाणक्ष पणाचा कळस
730
_a
चाणक्ष पणाचा कळस
942
_c
BOOK
999
_c
395910
_d
395907